000 00512nam a2200205Ia 4500
003 OSt
005 20140405095928.0
008 140130s9999 xx 000 0 und d
020 _a043969759x
050 _aQ 163
_b.H616 2004
100 _aHirschfeld, Robert
245 _cRobert Hirschfeld.
_a101 ways to boost your science skills /
260 _bScholastic,
_c2004.
_aUSA :
300 _a94 p. :
_bill. ;
_c19 cm.
440 _v1
521 _aG6
526 _c890
942 _cBK
_2lcc
999 _c41677
_d41677